Task-based language learning and teaching
সংরক্ষণ করুন:
| প্রধান লেখক: | |
|---|---|
| বিন্যাস: | গ্রন্থ |
| ভাষা: | ইংরেজি |
| প্রকাশিত: |
Oxford
Oxford University Press
2003
|
| সংস্করন: | 1a. ed |
| মালা: | Oxford Applied Linguistics
|
| বিষয়গুলি: | |
| ট্যাগগুলো: |
ট্যাগ যুক্ত করুন
কোনো ট্যাগ নেই, প্রথমজন হিসাবে ট্যাগ করুন!
|
MARC
| LEADER | 00000nam a2200000 a 4500 | ||
|---|---|---|---|
| 001 | UCH0614 | ||
| 003 | CL-VaPUC | ||
| 005 | 20211229074125.0 | ||
| 008 | 090320e20030000UK |||||||||||||||||eng|d | ||
| 999 | |c 332896 |d 332894 | ||
| 020 | |a 9780194421591 | ||
| 040 | |c Pontificia Universidad Católica de Valparaíso | ||
| 082 | 0 | 4 | |a 401.93 ELL 2003 |2 21 |
| 100 | 0 | |a Ellis, Rod |e author |9 534864 | |
| 245 | 1 | 0 | |a Task-based language learning and teaching |
| 250 | |a 1a. ed | ||
| 260 | |a Oxford |b Oxford University Press |c 2003 | ||
| 300 | |a 387 p | ||
| 490 | 0 | |a Oxford Applied Linguistics | |
| 583 | |a last modification |c 20140403 04:23:08 |k Rodrigo Vera | ||
| 650 | 7 | |a INGLES-ENSEÑANZA |2 CL-VaPUC |9 313261 | |
| 650 | 0 | |a Adquisición del lenguaje |9 309032 | |
| 650 | 0 | |a Métodos de enseñanza |9 270413 | |
| 852 | |a BIBCUR | ||
| 942 | |c BK |2 ddc | ||
| 945 | |d 20090320 00:00:00 |a rbrito | ||
| 952 | |0 0 |1 0 |4 0 |6 401_930000000000000_ELL_2003 |7 0 |8 A |9 420947 |a BIBEDU |b BIBEDU |d 2019-11-22 |i 4520939 |l 2 |o 401.93 ELL 2003 |p 4520939 |r 2021-09-22 |s 2020-10-16 |w 2019-11-22 |y BK |k LIT | ||
| 952 | |0 0 |1 0 |4 0 |6 401_930000000000000_ELL_2003 |7 0 |8 A |9 420948 |a BIBEDU |b BIBEDU |d 2019-11-22 |i 4520947 |o 401.93 ELL 2003 |p 4520947 |r 2019-11-22 |w 2019-11-22 |y BK |k LIT | ||
| 952 | |0 0 |1 0 |4 0 |6 401_930000000000000_ELL_2003 |7 0 |8 A |9 420949 |a FDOPOS |b FDOPOS |d 2019-11-22 |i 4649788 |o 401.93 ELL 2003 |p 4649788 |r 2025-01-22 |w 2019-11-22 |y BK |k DLA | ||